00569nam a22001812i 450000100060000000300080000600500170001400800410003103500190007204000370009104100080012808200220013610000190015824501410017726000320031830000270035065000100037732519BD-RjUL20211209051841.0140427s1952 enk 000 0 eng d a(BD-RjUL)32608 aCOFcCOFdUKMdEQOdBD-RjULbeng aeng04a297218bKHI 19521 aKhan, Rafiq M.10aIn the footsteps of the prophet :ba code for Muslim servicemen and students /cby Rafiq M. Khan ; with a foreword by Sheikh Hafiz Wahba aLondon :bMacmillan,c1952. axviii, 137 p. ;c19 cm 0aIslam